01081cam a2200229 a 450000100100000000500170001000800410002702000150006804000330008308200180011624501530013424600590028726001370034630000210048350400630050465000410056765000300060870000430063891000340068195201210071599900150083600000365120240508073814.0061205s2005 uy b f001 p spa d a9974360927 aDO-SdBNPcZCUdZCUdIQUdDLC aU861.5bN126i00aNada es igual después de la poesía :bcincuenta poetas uruguayos del medio siglo (1955-2005) /cGerardo Ciancio, selección, prólogo y notas.30aCincuenta poetas uruguayos del medio siglo (1955-2005) a[Montevideo, Uruguay] :bMinisterio de Educación y Cultura, Archivo General de la Nación, Centro de Difusión del Libro,c2005. a203 p. ;c23 cm. aObras poéticas de los autores de la muestra: p. 193-197. 4aPoesía uruguayay20th SIGLO911193 4aLiteratura uruguaya930541 aCiancio, Gerardo.d1962-ecomp.911194 aCatalogación por copia / LC 001052708MOaGRbGRcCTd2009-07-11iLF1l0oU861.5 N126ip3651-10r2020-06-25w2020-06-25y2ZPréstamo interno c3474d3474